000 00565nam a2200193Ia 4500
005 20260120124642.0
008 008 260114s9999 xx 000 0 eng d
020 _a9780762303342
037 _aEBOOK
040 _aCRL
_beng
_cCRL
041 _aeng
_2eng
084 _qCRL
245 0 _aAdvances in Environmental Accounting & Management
260 _bEmerald Publishing
_c2000
700 _aMartin Freedman
_9908844
856 _uhttps://www.emerald.com/insight/publication/doi/10.1016/S1479-3598(2000)1
942 _cEBOOK
999 _c1500753
_d1500753